Catálogo
 En Linea

El marco histórico de la pastoral dominicana : (Registro nro. 23338)

Detalles MARC
000 -CABECERA
campo de control de longitud fija 00807nam a2200205 a 4500
001 - NÚMERO DE CONTROL
campo de control 000023842
005 - FECHA Y HORA DE LA ÚLTIMA TRANSACCIÓN
campo de control 20200930022516.0
008 - DATOS DE LONGITUD FIJA--INFORMACIÓN GENERAL
campo de control de longitud fija 110114s1983 dr ac 000 0 spa d
040 ## - FUENTE DE LA CATALOGACIÓN
Centro catalogador/agencia de origen DO-SdBNP
Lengua de catalogación spa
Centro/agencia transcriptor BNPHU
082 ## - NÚMERO DE LA CLASIFICACIÓN DECIMAL DEWEY
Número de clasificación 291.61
Número de documento/Ítem C183m
100 1# - ENTRADA PRINCIPAL--NOMBRE DE PERSONA
Nombre de persona Camilo González, Antonio
Fechas asociadas al nombre 1938-
9 (RLIN) 8309
245 13 - MENCIÓN DE TÍTULO
Título El marco histórico de la pastoral dominicana :
Resto del título en los 300 años de la paroquia de Bani /
Mención de responsabilidad, etc. Antonio Camilo González ; prólogo Lucas Lafleur.
260 ## - PUBLICACIÓN, DISTRIBUCIÓN, ETC.
Lugar de publicación, distribución, etc. Santo Domingo :
Nombre del editor, distribuidor, etc. Amigo del Hogar,
Fecha de publicación, distribución, etc. 1983.
300 ## - DESCRIPCIÓN FÍSICA
Extensión 311 p. :
Otras características físicas il., retr. ;
Dimensiones 29 cm.
504 ## - NOTA DE BIBLIOGRAFÍA, ETC.
Nota de bibliografía, etc. Bibliografía : p. 309-311
590 ## - NOTA LOCAL (RLIN)
Nota local Inventariado, 2018/VM
650 #4 - PUNTO DE ACCESO ADICIONAL DE MATERIA--TÉRMINO DE MATERIA
Término de materia o nombre geográfico como elemento de entrada Teología pastoral
Subdivisión geográfica República Dominicana
Subdivisión general Historia
Subdivisión cronológica 1500-1961
9 (RLIN) 49056
700 12 - PUNTO DE ACCESO ADICIONAL--NOMBRE DE PERSONA
Nombre de persona Lafleur, Lucas,
Término indicativo de función/relación pról.
9 (RLIN) 49057
910 ## - DATOS DE OPCIÓN DEL USUARIO (OCLC)
Datos de opción del usuario Validado. Control de calidad MFF
Existencias
Estado de retiro Estado de pérdida No para préstamo Código de colección Localización permanente Ubicación/localización actual Ubicación en estantería Fecha de adquisición Número de inventario Total de préstamos Signatura topográfica completa Código de barras Fecha visto por última vez Precio válido a partir de Tipo de ítem Koha
    Excluido de préstamo Patrimonio Dominicano Patrimonio Dominicano Patrimonio Dominicano Depósito 14.01.2011 LF1   291.61 C183m 23842-10 25.06.2020 25.06.2020 Libro y Folleto Colección Patrimonio Dominicano

Con tecnología Koha